000 00405 a2200169 4500
001 068455
003 OSt
005 20220217163527.0
008
082 _a809.3
_bM78N
100 1 _aMoore, Steven
245 1 _aThe novel: an alternative history
_cby Steven Moore
260 _aLondon
_bContinuum
_c2010
300 _a698p.
653 _aFiction
942 _2ddc
_cBK
999 _c2117
_d2117